| Поле | Название | Значение |
| |
Тип записи |
a |
| |
Библиографический уровень |
m |
| 001 |
Контрольный номер |
RU/URAIT/563008 |
| 005 |
Дата корректировки |
20260429163712.6 |
| 008 |
Кодируемые данные |
260429s2025 RU y f j 000 0 rus u |
| 020 |
Индекс ISBN |
__ |
| a |
ISBN |
978-5-534-08219-7 |
| c |
Цена, тираж |
1809.00 |
| 040 |
Источник каталогиз. |
__ |
| a |
Служба первич. каталог. |
ИКО Юрайт |
| c |
Служба, преобразующая запись |
ИКО Юрайт |
| e |
Правила каталог. |
RCR |
| 041 |
Код языка издания |
__ |
| a |
Код языка текста |
rus |
| 044 |
Код страны публикации |
__ |
| a |
Код страны публикации |
RU |
| 080 |
Индекс УДК |
__ |
| a |
Индекс УДК |
338.48(075.32) |
| 084 |
Индекс другой классификации/Индекс ББК |
__ |
| 2 |
Источник индекса |
rubbk |
| a |
Индекс другой классификации/Индекс ББК |
65.43я723 |
| 100 |
Автор |
__ |
| a |
Автор |
Ветитнев А. М. |
| q |
Полное имя |
Ветитнев Александр Михайлович |
| 245 |
Заглавие |
__ |
| a |
Заглавие |
Информационно-коммуникационные технологии в туризме |
| b |
Продолж. заглавия |
учебник для спо |
| c |
Ответственность |
А. М. Ветитнев, В. В. Коваленко, В. В. Коваленко. |
| 250 |
Сведения об издании |
__ |
| g |
|
испр. и доп |
| a |
Основные сведения об издании |
2-е изд. |
| 256 |
Характеристики компьютерного файла |
__ |
| a |
Характеристики компьютерного файла |
Электрон. дан. |
| 260 |
Выходные данные |
__ |
| a |
Место издания |
Москва |
| b |
Издательство |
Юрайт |
| c |
Дата издания |
2025 |
| 300 |
Физическое описание |
__ |
| a |
Объем |
340 с |
| 440 |
Серия |
__ |
| a |
Серия |
Профессиональное образование |
| 500 |
Примечания |
__ |
| a |
Примечание |
URL: https://urait.ru/bcode/563008 (дата обращения: 29.04.2026). |
| 520 |
Аннотация |
__ |
| a |
Аннотация |
В курсе представлены основные материалы, связанные с внедрением информационных технологий в деятельность организаций сферы сервиса и туризма. Рассматриваются основы информационных технологий и информационных систем, приведена их авторская классификация. Представлены материалы о применении информационных технологий в туризме и гостеприимстве. Приведены сведения о роли Интернета в информационном обеспечении предприятий сферы услуг, об электронной коммерции, системах связи, оргтехнике. |
| 538 |
Прим. о системных особенностях |
__ |
| a |
Прим. о системных особенностях |
Режим доступа: Электронно-библиотечная система Юрайт, для авториз. пользователей |
| 653 |
Ключевые слова |
__ |
| a |
Ключевые слова |
Туризм и гостеприимство |
| 653 |
Ключевые слова |
__ |
| a |
Ключевые слова |
Менеджмент |
| 653 |
Ключевые слова |
__ |
| a |
Ключевые слова |
Информатика и информационные технологии |
| 653 |
Ключевые слова |
__ |
| a |
Ключевые слова |
Информатика и основы компьютерных технологий |
| 653 |
Ключевые слова |
__ |
| a |
Ключевые слова |
Технологии и организация гостиничных услуг |
| 653 |
Ключевые слова |
__ |
| a |
Ключевые слова |
Информатика, в т.ч. современные информационные технологии |
| 653 |
Ключевые слова |
__ |
| a |
Ключевые слова |
Организация гостиничного дела |
| 653 |
Ключевые слова |
__ |
| a |
Ключевые слова |
Информатика и информационные технологии в профессиональной деятельности |
| 653 |
Ключевые слова |
__ |
| a |
Ключевые слова |
Технологии гостиничной деятельности |
| 653 |
Ключевые слова |
__ |
| a |
Ключевые слова |
Компьютерные технологии и информатика |
| 653 |
Ключевые слова |
__ |
| a |
Ключевые слова |
Информационно-коммуникационные технологии в профессиональной деятельности |
| 653 |
Ключевые слова |
__ |
| a |
Ключевые слова |
Современная оргтехника и организация делопроизводства |
| 653 |
Ключевые слова |
__ |
| a |
Ключевые слова |
Технологии продаж гостиничного продукта |
| 653 |
Ключевые слова |
__ |
| a |
Ключевые слова |
Информатика и современные информационные технологии |
| 653 |
Ключевые слова |
__ |
| a |
Ключевые слова |
Офисные технологии и документальное обеспечение деятельности |
| 653 |
Ключевые слова |
__ |
| a |
Ключевые слова |
Теоретические основы информатики и информационных технологий в гостиничной деятельности |
| 653 |
Ключевые слова |
__ |
| a |
Ключевые слова |
Технологии продаж в гостиничном бизнесе |
| 653 |
Ключевые слова |
__ |
| a |
Ключевые слова |
Технологии управления гостиничным предприятием |
| 653 |
Ключевые слова |
__ |
| a |
Ключевые слова |
Информатика и цифровые технологии |
| 653 |
Ключевые слова |
__ |
| a |
Ключевые слова |
Информатика, современные информационные технологии |
| 653 |
Ключевые слова |
__ |
| a |
Ключевые слова |
Информатика и компьютерные технологии |
| 653 |
Ключевые слова |
__ |
| a |
Ключевые слова |
Информатика и ИКТ |
| 653 |
Ключевые слова |
__ |
| a |
Ключевые слова |
Информатика и современные компьютерные технологии |
| 653 |
Ключевые слова |
__ |
| a |
Ключевые слова |
Информатика и ИТ |
| 653 |
Ключевые слова |
__ |
| a |
Ключевые слова |
Информатика и информационно-коммуникационные технологии профессиональной деятельности |
| 653 |
Ключевые слова |
__ |
| a |
Ключевые слова |
Информатика и основы информационных технологий |
| 653 |
Ключевые слова |
__ |
| a |
Ключевые слова |
Информатика и информационные профессиональные технологии |
| 653 |
Ключевые слова |
__ |
| a |
Ключевые слова |
Информатика и информационные технологии в профессиональной деятельности (лабораторный практикум) |
| 653 |
Ключевые слова |
__ |
| a |
Ключевые слова |
Информатика и информационно-телекоммуникационные технологии в профессиональной деятельности |
| 653 |
Ключевые слова |
__ |
| a |
Ключевые слова |
Информационные технологии (информатика) |
| 653 |
Ключевые слова |
__ |
| a |
Ключевые слова |
Информатика и ИКТ в ПД |
| 653 |
Ключевые слова |
__ |
| a |
Ключевые слова |
Информационно-коммуникационные технологии в туризме и гостеприимстве |
| 653 |
Ключевые слова |
__ |
| a |
Ключевые слова |
Организация и контроль текущей деятельности служб предприятий туризма и гостеприимства |
| 700 |
Другие авторы |
__ |
| a |
Другие авторы |
Коваленко В. В. |
| q |
Полное имя |
Коваленко Владимир Васильевич |
| 700 |
Другие авторы |
__ |
| a |
Другие авторы |
Коваленко В. В. |
| q |
Полное имя |
Коваленко Виктор Васильевич |
| 856 |
Электронный адрес документа |
40 |
| n |
Местонахождение сервера |
Юрайт |
| g |
|
Электронная книга |
| q |
Тип электронного формата |
html |
| h |
Имя пользователя |
ЮРАЙТ |
| v |
Часы доступа к ресурсу |
20271231 |
| 2 |
Способ доступа |
Показать документ |
| x |
Служебное примечание |
https://urait.ru/book/cover/F6FDBC99-2F7D-451F-8E4A-6FB8357495E2 |
| u |
URL |
https://urait.ru/bcode/563008 |
| 856 |
Электронный адрес документа |
48 |
| q |
Тип электронного формата |
cover |
| u |
URL |
https://urait.ru/book/cover/F6FDBC99-2F7D-451F-8E4A-6FB8357495E2 |
| 911 |
|
__ |
| u |
|
0030=https://urait.ru/bcode/563008 |
| 911 |
|
__ |
| u |
|
073a=9785534082197 |
| u |
|
073d=1809.00 |
| 911 |
|
__ |
| u |
|
106a=s |
| 911 |
|
__ |
| u |
|
900l= |
| 952 |
Тип литературы |
__ |
| i |
Дисциплина |
Информатика и информационные технологии |
| 952 |
Тип литературы |
__ |
| i |
Дисциплина |
Информатика и основы компьютерных технологий |
| 952 |
Тип литературы |
__ |
| i |
Дисциплина |
Технологии и организация гостиничных услуг |
| 952 |
Тип литературы |
__ |
| i |
Дисциплина |
Информатика, в т.ч. современные информационные технологии |
| 952 |
Тип литературы |
__ |
| i |
Дисциплина |
Организация гостиничного дела |
| 952 |
Тип литературы |
__ |
| i |
Дисциплина |
Информатика и информационные технологии в профессиональной деятельности |
| 952 |
Тип литературы |
__ |
| i |
Дисциплина |
Технологии гостиничной деятельности |
| 952 |
Тип литературы |
__ |
| i |
Дисциплина |
Компьютерные технологии и информатика |
| 952 |
Тип литературы |
__ |
| i |
Дисциплина |
Информационно-коммуникационные технологии в профессиональной деятельности |
| 952 |
Тип литературы |
__ |
| i |
Дисциплина |
Современная оргтехника и организация делопроизводства |
| 952 |
Тип литературы |
__ |
| i |
Дисциплина |
Технологии продаж гостиничного продукта |
| 952 |
Тип литературы |
__ |
| i |
Дисциплина |
Информатика и современные информационные технологии |
| 952 |
Тип литературы |
__ |
| i |
Дисциплина |
Офисные технологии и документальное обеспечение деятельности |
| 952 |
Тип литературы |
__ |
| i |
Дисциплина |
Теоретические основы информатики и информационных технологий в гостиничной деятельности |
| 952 |
Тип литературы |
__ |
| i |
Дисциплина |
Технологии продаж в гостиничном бизнесе |
| 952 |
Тип литературы |
__ |
| i |
Дисциплина |
Технологии управления гостиничным предприятием |
| 952 |
Тип литературы |
__ |
| i |
Дисциплина |
Информатика и цифровые технологии |
| 952 |
Тип литературы |
__ |
| i |
Дисциплина |
Информатика, современные информационные технологии |
| 952 |
Тип литературы |
__ |
| i |
Дисциплина |
Информатика и компьютерные технологии |
| 952 |
Тип литературы |
__ |
| i |
Дисциплина |
Информатика и ИКТ |
| 952 |
Тип литературы |
__ |
| i |
Дисциплина |
Информатика и современные компьютерные технологии |
| 952 |
Тип литературы |
__ |
| i |
Дисциплина |
Информатика и ИТ |
| 952 |
Тип литературы |
__ |
| i |
Дисциплина |
Информатика и информационно-коммуникационные технологии профессиональной деятельности |
| 952 |
Тип литературы |
__ |
| i |
Дисциплина |
Информатика и основы информационных технологий |
| 952 |
Тип литературы |
__ |
| i |
Дисциплина |
Информатика и информационные профессиональные технологии |
| 952 |
Тип литературы |
__ |
| i |
Дисциплина |
Информатика и информационные технологии в профессиональной деятельности (лабораторный практикум) |
| 952 |
Тип литературы |
__ |
| i |
Дисциплина |
Информатика и информационно-телекоммуникационные технологии в профессиональной деятельности |
| 952 |
Тип литературы |
__ |
| i |
Дисциплина |
Информационные технологии (информатика) |
| 952 |
Тип литературы |
__ |
| i |
Дисциплина |
Информатика и ИКТ в ПД |
| 952 |
Тип литературы |
__ |
| i |
Дисциплина |
Информационно-коммуникационные технологии в туризме и гостеприимстве |
| 952 |
Тип литературы |
__ |
| i |
Дисциплина |
Организация и контроль текущей деятельности служб предприятий туризма и гостеприимства |